Sociálne siete a marketingová komunikácia

Na minha lista:
Detalhes bibliográficos
Autor principal: Petrovčiková, Katarína, 1977-
Formato: Capítulo de Livro
Idioma:eslovaco
Assuntos:
Tags: Adicionar Tag
Sem tags, seja o primeiro a adicionar uma tag!

MARC

LEADER 00000naa$a2200000$$$4500
001 0260789
005 20240502074132.8
041 0 |a slo 
044 |a SK 
245 1 0 |a Sociálne siete a marketingová komunikácia  |c Katarína Petrovčiková 
500 |a abstrakt 
610 2 0 |a siete sociálne 
610 2 0 |a komunikácia marketingová 
610 2 0 |a mládež 
610 2 0 |a stratégia podniková 
100 1 |a Petrovčiková, Katarína, 1977-